Comprender al hombre : introducción a una antropología filosófica /
Αποθηκεύτηκε σε:
| Κύριος συγγραφέας: | |
|---|---|
| Άλλοι συγγραφείς: | |
| Μορφή: | Βιβλίο |
| Έκδοση: |
Salamanca, España :
Sígueme,
1969, c1969
|
| Σειρά: | (Dos Puntos ;
9) |
| Θέματα: | |
| Ετικέτες: |
Δεν υπάρχουν, Καταχωρήστε ετικέτα πρώτοι!
|
MARC
| LEADER | 00000nam^a2200000^a^4500 | ||
|---|---|---|---|
| 001 | 000230329 | ||
| 005 | 20250521000000.0 | ||
| 009 | 20260310104433.78 | ||
| 035 | |a 050866 | ||
| 037 | |a Acervo Xavier Clavigero | ||
| 082 | |a 128. |b JOL V. 1 | ||
| 100 | |a Jolif, Jean-Yves |e (autor) | ||
| 240 | 1 | 1 | |a [Comprender al hombre: introducción a una antropología filosófica] |
| 245 | 1 | 0 | |a Comprender al hombre : |b introducción a una antropología filosófica / |c J.Y. Jolif ; tr. de A. Arjona. |
| 264 | 4 | |a Salamanca, España : |b Sígueme, |c 1969, c1969 | |
| 300 | |a 326 p. | ||
| 336 | |a texto |b txt |2 rdacontenido | ||
| 337 | |a sin mediación |b n |2 rdamedio | ||
| 338 | |a volumen |b nc |2 rdasoporte | ||
| 440 | 1 | |a (Dos Puntos ; |v 9) | |
| 500 | |a Traducción de: Comprendre l'homme I: introduction à une anthropologie philosophique | ||
| 561 | |a Ex libris de Norberto Alcover, secretario de "Reseña" | ||
| 561 | |a Ex libris de Servicio de Prensa | ||
| 649 | |a XX | ||
| 650 | |a Diferencia y Otredad | ||
| 650 | |a Ser (Filosofía) | ||
| 650 | |a Dialéctica | ||
| 650 | |a Voluntad | ||
| 650 | |a Trascendencia | ||
| 650 | |a Vida Humana | ||
| 650 | |a Muerte Humana | ||
| 650 | |a Ontología | ||
| 650 | |a Antropología Filosófica - |x Tema Principal | ||
| 650 | |a Metafísica | ||
| 650 | |a Vitalismo - |x Historia y Crítica | ||
| 650 | |a Filosofía - |x Historia y Crítica | ||
| 700 | |a Arjona, Angel |e (traducción) | ||
| 910 | |a Fondo General | ||
| 920 | |a Impresos - Libros | ||
| 930 | |a Colección General | ||
| 905 | |a 101 | ||
| 901 | |a 050866 |b IT1 |c ACC |i 050866 |u 20250521 | ||
| 902 | |a https://opac.biblio.iteso.mx/vufind/Record/000230329 | ||